Cuộc đời nghệ sĩ

Gespeichert in:
Bibliographische Detailangaben
1. Verfasser: Huy Thắng
Format: Buch
Sprache:Undetermined
Veröffentlicht: Hà Nội Hội nhà văn 2018
Schlagworte:
Tags: Tag hinzufügen
Keine Tags, Fügen Sie den ersten Tag hinzu!
Thư viện lưu trữ: Trung tâm Học liệu Trường Đại học Cần Thơ
LEADER 00602nam a2200193Ia 4500
001 CTU_228868
008 210402s9999 xx 000 0 und d
082 |a 895.92209 
082 |b H523 
100 |a Huy Thắng 
245 0 |a Cuộc đời nghệ sĩ 
245 0 |c Huy Thắng, Trung Trung Đỉnh 
260 |a Hà Nội 
260 |b Hội nhà văn 
260 |c 2018 
650 |a Văn học Việt Nam,Vietnamese literature 
650 |x Lịch sử và phê bình,History and criticism 
910 |b nthai 
980 |a Trung tâm Học liệu Trường Đại học Cần Thơ